01499nam a2200361Ia 4500001001200000003000800012006001900020007001500039008004100054010001700095020001800112020001500130040002100145035002100166050002600187130001600213245016100229260005800390300003200448490002800480504006600508533015200574650005200726650003900778655002900817700003700846700003200883700002700915700002300942710001700965830002900982856012601011ebr10279233CaPaEBRm u cr cn|||||||||080408s2008 enkab sb 001 0 eng d z 2008015106 z9780192805928 z0192805924 aCaPaEBRcCaPaEBR a(OCoLC)31306345014aKF4515b.F4295 2008eb0 aFederalist.14aThe Federalist papersh[electronic resource] /cAlexander Hamilton, James Madison, and John Jay ; edited with an introduction and notes by Lawrance Goldman. aOxford ;aNew York :bOxford University Press,c2008. axlvi, 470 p. :bill., maps.1 aOxford world's classics aIncludes bibliographical references (p. [447]-465) and index. aElectronic reproduction.bPalo Alto, Calif. :cebrary,d2011.nAvailable via World Wide Web.nAccess may be limited to ebrary affiliated libraries. 0aConstitutional historyzUnited StatesvSources. 0aConstitutional lawzUnited States. 7aElectronic books.2local1 aHamilton, Alexander,d1757-1804.1 aMadison, James,d1751-1836.1 aJay, John,d1745-1829.1 aGoldman, Lawrence.2 aebrary, Inc. 0aOxford world's classics.40uhttp://site.ebrary.com/lib/rucke/Doc?id=10279233zAn electronic book accessible through the World Wide Web; click to view